000 00870nam a2200229 i 4500
001 134271
003 ES-MaACL
005 20250830111228.0
007 t|
008 070907s1922 sp |||| | spa d
080 _a282
100 1 _aTorrubiano Ripoll, Jaime.
_9111063
245 1 3 _aLa iglesia rica y el clero pobre : tercera conferencia
_b: serie de conferencias en el Ateneo de Madrid /
_cpor Jaime Torrubiano Ripoll.
260 _a[Madrid] :
_bAtlántida,
_c1922.
300 _a39 p. ;
_c19 cm.
500 _aPrecede al tít.: Campaña ruidosa.
500 _aConferencias dadas en el Ateneo de Madrid en mayo de 1922, según consta en contraportada.
610 2 4 _aAteneo de Madrid-
_vConferencias-
_y1900-1939
_91907
610 2 4 _aIglesia Católica
_94639
852 _aES-MaACL
_j2237-F-10
_z. - Dedicatoria autógrafa
999 _c134271
_d134271